Statistics for Countries Bordering France - Map Quiz

Click here to take the quiz!

General Stats

  • This quiz has been taken 922 times
    (803 since last reset)
  • The average score is 9 of 10

Answers on the Map

Answers color-coded by a green-red scale on the quiz's map according to % correct below.
 

Answer Stats

Answer% Correct
Belgium
96%
Germany
96%
Italy
96%
Spain
96%
Luxembourg
95%
Switzerland
95%
Andorra
94%
Monaco
94%
Brazil
92%
Suriname
89%

Score Distribution

Percentile by Number Answered

Percent of People with Each Score

Your Score History

You have not taken this quiz since the last reset